[Event "EU-ch Rapid"]
[Site "Katowice"]
[Date "2022.12.18"]
[Round "7"]
[White "Gaehwiler, Gabriel"]
[Black "Kolaric, Spela"]
[Result "1-0"]
[WhiteElo "2408"]
[BlackElo "2133"]
[PlyCount "149"]
[EventDate "2022.12.17"]
[EventType "swiss (rapid)"]
[EventRounds "11"]
[EventCountry "POL"]
[SourceTitle "CBM 211 Extra"]
[Source "ChessBase"]
[SourceDate "2023.01.31"]
[SourceVersion "1"]
[SourceVersionDate "2023.01.31"]
[SourceQuality "1"]

1. d4 Nf6 2. c4 e6 3. g3 d5 4. Bg2 Be7 5. Nf3 0-0 6. Nc3 dxc4 7. Ne5 Nc6 8. Bxc6 bxc6 9. Nxc6 Qe8 10. Nxe7+ Qxe7 11. Qa4 e5 12. dxe5 Qxe5 13. Qxc4 Be6 14. Qf4 Qa5 15. Bd2 Qb6 16. 0-0 Qxb2 17. Rab1 Qa3 18. Rfc1 Qd6 19. Nb5 Qxf4 20. Bxf4 Bxa2 21. Ra1 Bb3 22. Ra3 Bd5 23. Nxc7 Rac8 24. Rxa7 Be4 25. f3 Bg6 26. Kf2 h6 27. Bd6 Rfd8 28. Be7 Rd2 29. Bxf6 gxf6 30. Rc3 Rd7 31. Nb5 Rxc3 32. Rxd7 Rc2 33. Nd4 Ra2 34. Rd8+ Kg7 35. Rd7 Rb2 36. Ne6+ Kg8 37. Nf4 Kg7 38. g4 f5 39. Nxg6 Kxg6 40. gxf5+ Kf6 41. Rd6+ Kxf5 42. Rxh6 Ra2 43. Rh5+ Kg6 44. Rb5 Rc2 45. Ke3 Rc3+ 46. Kf4 Rc2 47. Re5 Rc4+ 48. e4 Rc2 49. h4 Rh2 50. h5+ Kf6 51. Rf5+ Kg7 52. Ke5 Rh3 53. Kd6 Kf8 54. e5 Ke8 55. Rg5 Kf8 56. f4 Rh4 57. Rf5 Ke8 58. Kd5 Ke7 59. Ke4 Rh1 60. Rg5 f6 61. Rf5 fxe5 62. fxe5 Rh4+ 63. Kd5 Ra4 64. Rf6 Rh4 65. h6 Rh1 66. Ra6 Rd1+ 67. Ke4 Re1+ 68. Kf5 Rf1+ 69. Kg6 Rg1+ 70. Kh7 Rg5 71. Rg6 Rf5 72. e6 Kf8 73. Rg8+ Ke7 74. Kg6 Rf6+ 75. Kg5 1-0

[Event "SLO-chT (Women)"]
[Site "Rogaska Slatina"]
[Date "2022.05.13"]
[Round "1.2"]
[White "Kolaric, Spela"]
[Black "Hercog, Nusa"]
[Result "1/2-1/2"]
[WhiteElo "2185"]
[BlackElo "1998"]
[PlyCount "92"]
[EventDate "2022.05.13"]
[EventType "team-tourn"]
[EventRounds "5"]
[EventCountry "SLO"]
[SourceTitle "EXT 2024"]
[Source "ChessBase"]
[SourceDate "2023.10.10"]
[SourceVersion "1"]
[SourceVersionDate "2023.10.10"]
[SourceQuality "1"]
[WhiteTeam "Kocevje (W)"]
[BlackTeam "Celje (W)"]
[WhiteTeamCountry "SLO"]
[BlackTeamCountry "SLO"]

1. d4 d5 2. Nf3 Nf6 3. g3 c6 4. Bg2 Bf5 5. 0-0 h6 6. c4 e6 7. Nc3 Nbd7 8. Qb3 Qb6 9. c5 Qa6 10. Re1 b6 11. cxb6 axb6 12. Nd2 Be7 13. e4 dxe4 14. Ndxe4 Nxe4 15. Nxe4 0-0 16. Be3 Rfd8 17. a3 Rac8 18. Rac1 c5 19. dxc5 Bxe4 20. Bxe4 Bxc5 21. Bxc5 Nxc5 22. Qc4 b5 23. Qb4 Qb6 24. Red1 Rxd1+ 25. Rxd1 Nxe4 26. Qxe4 Rd8 27. Rc1 Qd6 28. Kg2 Qd2 29. Rc2 Qd6 30. Qb7 Rb8 31. Qc6 Qd3 32. Rc3 Qe2 33. Rb3 Qe5 34. Rb4 g6 35. Qd7 h5 36. Rf4 Rf8 37. b3 Qb2 38. Qxb5 Qxa3 39. Qb7 Qd6 40. Qf3 e5 41. Rc4 Rb8 42. Rc3 Kg7 43. Rc6 Qe7 44. Rc4 Qd6 45. Rc6 Qe7 46. Rc4 Qd6 1/2-1/2

[Event "Wch Blitz (Women)"]
[Site "Warsaw"]
[Date "2021.12.29"]
[Round "3"]
[White "Kolaric, Spela"]
[Black "Szczotka, Klara"]
[Result "0-1"]
[WhiteElo "2185"]
[BlackElo "1755"]
[PlyCount "132"]
[EventDate "2021.12.29"]
[EventType "swiss (blitz)"]
[EventRounds "17"]
[EventCountry "POL"]
[SourceTitle "CBM 205 Extra"]
[Source "ChessBase"]
[SourceDate "2022.01.31"]
[SourceVersion "1"]
[SourceVersionDate "2022.01.31"]
[SourceQuality "1"]

1. Nf3 c5 2. g3 g6 3. Bg2 Bg7 4. 0-0 Nc6 5. c4 Nf6 6. Nc3 d6 7. d4 0-0 8. dxc5 dxc5 9. Be3 Nd7 10. Rc1 Rb8 11. Nd2 Nd4 12. Nb3 Nxb3 13. Qxb3 b6 14. Rfd1 Bb7 15. Bh3 Bc6 16. Nd5 e6 17. Nc3 Qe7 18. Bf4 e5 19. Be3 f5 20. Nd5 Qf7 21. Bg5 Nf6 22. Bg2 e4 23. Bf4 Rbd8 24. Nc7 Rd7 25. Nb5 Rfd8 26. Rxd7 Rxd7 27. Nc3 Qe6 28. Nd1 h6 29. h4 Nh5 30. Be3 Kh7 31. Qc2 Bd4 32. b3 Nf6 33. Bf4 Nh5 34. Bd2 Nf6 35. Bc3 Ng4 36. Bxd4 cxd4 37. c5 b5 38. Qd2 Qe5 39. Qf4 Qxf4 40. gxf4 Nf6 41. Kf1 Nd5 42. e3 d3 43. Ke1 Nb4 44. Kd2 Nxa2 45. Nc3 Nxc3 46. Rxc3 Rd5 47. b4 Rd7 48. Ra3 Kg7 49. Ra6 Rc7 50. Bf1 Kf6 51. f3 Ke6 52. fxe4 fxe4 53. Bh3+ Kd5 54. Kc3 Rf7 55. Be6+ Kxe6 56. Rxc6+ Kf5 57. Rd6 Re7 58. c6 Rc7 59. Kd4 Rxc6 60. Rxc6 d2 61. Rc5+ Kg4 62. Kxe4 d1Q 63. Rxb5 Qc2+ 64. Ke5 Qd3 65. Rd5 Qxe3+ 66. Kd6 Qxf4+ 0-1

[Event "Wch Blitz (Women)"]
[Site "Warsaw"]
[Date "2021.12.29"]
[Round "8"]
[White "Malicka, Maria"]
[Black "Kolaric, Spela"]
[Result "1-0"]
[WhiteElo "2307"]
[BlackElo "2185"]
[PlyCount "115"]
[EventDate "2021.12.29"]
[EventType "swiss (blitz)"]
[EventRounds "17"]
[EventCountry "POL"]
[SourceTitle "CBM 205 Extra"]
[Source "ChessBase"]
[SourceDate "2022.01.31"]
[SourceVersion "1"]
[SourceVersionDate "2022.01.31"]
[SourceQuality "1"]

1. e4 e5 2. Nf3 Nc6 3. Bc4 Nf6 4. d3 Bc5 5. c3 0-0 6. 0-0 d5 7. exd5 Nxd5 8. Nbd2 Nb6 9. b4 Be7 10. Re1 Bf6 11. a4 Bf5 12. Bb5 Bxd3 13. Bxc6 bxc6 14. Nxe5 Bf5 15. Ndf3 Bxe5 16. Nxe5 Qf6 17. Bf4 Rad8 18. Qf3 Nd5 19. Bg3 Rfe8 20. Rad1 h6 21. h3 Rb8 22. a5 Bc2 23. Rc1 Qxf3 24. Nxf3 Rxe1+ 25. Nxe1 Bg6 26. c4 Nxb4 27. Bxc7 Rc8 28. Bd6 Nd3 29. Nxd3 Bxd3 30. c5 Bb5 31. Re1 a6 32. Re7 f6 33. g3 Kh7 34. Kg2 Kg6 35. h4 h5 36. Kf3 Bc4 37. Ra7 Re8 38. Re7 Bd5+ 39. Ke3 Rc8 40. Kd4 Bf3 41. Re3 Bg2 42. Rb3 Bf1 43. Rb6 Bb5 44. Rb7 Re8 45. Re7 Rc8 46. Rb7 Re8 47. Re7 Rxe7 48. Bxe7 Kf5 49. Bf8 g5 50. hxg5 fxg5 51. Be7 Kg4 52. Ke3 h4 53. gxh4 gxh4 54. Bd6 h3 55. Bc7 Ba4 56. Bb8 Bb5 57. Bc7 Ba4 58. Bb8 1-0

[Event "Wch Rapid (Women)"]
[Site "Warsaw"]
[Date "2021.12.28"]
[Round "11"]
[White "Mamedjarova, Turkan"]
[Black "Kolaric, Spela"]
[Result "1-0"]
[WhiteElo "2264"]
[BlackElo "2185"]
[PlyCount "67"]
[EventDate "2021.12.26"]
[EventType "swiss (rapid)"]
[EventRounds "11"]
[EventCountry "POL"]
[SourceTitle "CBM 205 Extra"]
[Source "ChessBase"]
[SourceDate "2022.01.31"]
[SourceVersion "1"]
[SourceVersionDate "2022.01.31"]
[SourceQuality "1"]

1. d4 Nf6 2. c4 e6 3. Nc3 d5 4. Nf3 Be7 5. Bf4 0-0 6. e3 c5 7. dxc5 Bxc5 8. a3 Nc6 9. Bd3 Re8 10. cxd5 Nxd5 11. Nxd5 Qxd5 12. 0-0 Rd8 13. Bb5 Bb6 14. Qe2 Bd7 15. Rfd1 Qh5 16. Bg5 f6 17. Bf4 e5 18. Bc4+ Kh8 19. Bg3 Ne7 20. h3 Qe8 21. Bxe5 fxe5 22. Ng5 g6 23. Qf3 Qf8 24. Qxf8+ Rxf8 25. Rxd7 Kg7 26. Ne6+ Kf6 27. Nxf8 Rxf8 28. Rad1 Rc8 29. R1d6+ Kg5 30. Rxe7 Rxc4 31. Rxe5+ Kh6 32. Rd1 Rc2 33. Rb5 Re2 34. a4 1-0

[Event "Wch Rapid (Women)"]
[Site "Warsaw"]
[Date "2021.12.26"]
[Round "3"]
[White "Kolaric, Spela"]
[Black "Dylag, Emilia"]
[Result "0-1"]
[WhiteElo "2185"]
[BlackElo "1956"]
[PlyCount "82"]
[EventDate "2021.12.26"]
[EventType "swiss (rapid)"]
[EventRounds "11"]
[EventCountry "POL"]
[SourceTitle "CBM 205 Extra"]
[Source "ChessBase"]
[SourceDate "2022.01.31"]
[SourceVersion "1"]
[SourceVersionDate "2022.01.31"]
[SourceQuality "1"]

1. e4 e5 2. Nf3 Nc6 3. d4 exd4 4. Bc4 Bc5 5. c3 Nf6 6. cxd4 Bb4+ 7. Bd2 Bxd2+ 8. Nbxd2 d5 9. exd5 Nxd5 10. 0-0 0-0 11. Rc1 Nb6 12. Bb3 Bg4 13. h3 Bh5 14. Rc5 Bg6 15. Qc1 Rc8 16. Qc3 Nd7 17. Rg5 Nf6 18. Re1 Qd6 19. Rb5 Rb8 20. Nc4 Qd8 21. Nce5 Ne4 22. Qe3 Nxe5 23. dxe5 Qe7 24. Qxa7 c6 25. Ra5 Rfd8 26. Qe3 b6 27. Ra4 Nc5 28. Rc4 Rd3 29. Qc1 Rxf3 30. gxf3 Nd3 31. Qe3 Nxe1 32. Qxe1 Re8 33. f4 Bf5 34. Qe3 c5 35. Rc1 Rd8 36. Rd1 Rxd1+ 37. Bxd1 Qd7 38. Qf3 Bxh3 39. Kh2 Be6 40. b3 Qd5 41. Qe3 Qxd1 0-1

[Event "SLO-chT 31st"]
[Site "Ljubljana"]
[Date "2021.09.10"]
[Round "1.4"]
[White "Sadovski, Nemanja"]
[Black "Kolaric, Spela"]
[Result "0-1"]
[WhiteElo "2005"]
[BlackElo "2120"]
[PlyCount "190"]
[EventDate "2021.09.10"]
[EventType "team-tourn"]
[EventRounds "9"]
[EventCountry "SLO"]
[SourceTitle "CBM 204 Extra"]
[Source "ChessBase"]
[SourceDate "2021.11.30"]
[SourceVersion "1"]
[SourceVersionDate "2021.11.30"]
[SourceQuality "1"]
[WhiteTeam "Kranj Stari Mayr"]
[BlackTeam "Kocevje Inotherm"]
[WhiteTeamCountry "SLO"]
[BlackTeamCountry "SLO"]

1. d4 Nf6 2. Nf3 e6 3. Bf4 c5 4. c3 b6 5. Nbd2 cxd4 6. cxd4 Bb7 7. e3 Be7 8. Bd3 0-0 9. h3 d6 10. Qe2 Nc6 11. a3 e5 12. Bh2 Re8 13. 0-0 Bf8 14. dxe5 dxe5 15. Ne4 Qe7 16. Nxf6+ Qxf6 17. e4 Bc5 18. Ba6 Bxa6 19. Qxa6 Nd4 20. Nd2 Qg5 21. Rad1 b5 22. b4 Bb6 23. Qb7 Rad8 24. Kh1 Qh5 25. Nb1 Ne2 26. Rxd8 Rxd8 27. Qe7 f6 28. Qe6+ Qf7 29. Qxf7+ Kxf7 30. g4 Rd3 31. Kg2 Bd4 32. f4 exf4 33. Bxf4 Nxf4+ 34. Rxf4 Rb3 35. Rf1 Ke6 36. Rd1 Be5 37. Nd2 Rg3+ 38. Kf2 Rxa3 39. Nf3 Rb3 40. Nxe5 Kxe5 41. Rd5+ Kxe4 42. Rxb5 Rxh3 43. Kg2 Rb3 44. Rb7 g5 45. Rxh7 Kf4 46. Rh6 Kxg4 47. Rxf6 Rb2+ 48. Kf1 Rxb4 49. Ra6 Rb7 50. Kg2 Rg7 51. Rf6 Re7 52. Ra6 Kf4 53. Ra4+ Ke3 54. Ra6 Rg7 55. Rd6 Ke4 56. Kg3 Ke5 57. Rd8 g4 58. Rd1 a6 59. Rd8 Rg6 60. Rd1 Ke4 61. Rd8 Rg5 62. Kh4 Rd5 63. Ra8 a5 64. Kxg4 Ke3 65. Kg3 Rg5+ 66. Kh4 Rc5 67. Kg3 Kd3 68. Kf3 Kc3 69. Ke3 Re5+ 70. Kf4 Rd5 71. Ke3 Kc4 72. Ke4 Rc5 73. Ke3 Kc3 74. Ra7 Re5+ 75. Kf4 Rb5 76. Ke3 Kb3 77. Kd2 Rc5 78. Rb7+ Ka3 79. Rb1 Ka2 80. Rc1 Rd5+ 81. Kc3 a4 82. Rh1 Rb5 83. Rh2+ Ka3 84. Rh4 Rc5+ 85. Kd2 Kb3 86. Rh8 a3 87. Rb8+ Ka2 88. Kd3 Rc1 89. Kd2 Rb1 90. Rc8 Ka1 91. Rc1 Ka2 92. Rc2+ Kb3 93. Rc3+ Kb4 94. Rc2 Rh1 95. Kd3 Rh3+ 0-1

[Event "SLO-chT1 West 29th"]
[Site "Slovenia"]
[Date "2019.09.22"]
[Round "3.3"]
[White "Kolaric, Spela"]
[Black "Juhant, Igor"]
[Result "1/2-1/2"]
[WhiteElo "2114"]
[BlackElo "2000"]
[PlyCount "62"]
[EventDate "2019.09.20"]
[EventType "team-tourn"]
[EventRounds "9"]
[EventCountry "SLO"]
[SourceTitle "CBM 192 Extra"]
[Source "Chessbase"]
[SourceDate "2019.11.06"]
[SourceVersion "1"]
[SourceVersionDate "2019.11.06"]
[SourceQuality "1"]
[WhiteTeam "Kocevje"]
[BlackTeam "Komenda"]
[WhiteTeamCountry "SLO"]
[BlackTeamCountry "SLO"]

1. e4 c6 2. d4 d5 3. Nc3 dxe4 4. Nxe4 Bf5 5. Ng3 Bg6 6. Bc4 e6 7. N1e2 Bd6 8. Nf4 Qc7 9. Nxg6 hxg6 10. Qf3 Nf6 11. c3 Nbd7 12. Bg5 Qa5 13. Bd2 Qc7 14. 0-0-0 0-0-0 15. h3 Nb6 16. Bb3 e5 17. dxe5 Bxe5 18. Ne4 Nxe4 19. Qxe4 Nd5 20. Rhe1 Rhe8 21. Bxd5 cxd5 22. Qa4 Re6 23. Rxe5 Qxe5 24. Qxa7 Ra6 25. Qc5+ Qc7 26. Qxc7+ Kxc7 27. a3 Re6 28. Be3 Kc6 29. Kc2 f6 30. a4 Re4 31. b4 g5 1/2-1/2

[Event "SLO-chT (Women)"]
[Site "Maribor"]
[Date "2019.05.17"]
[Round "5.2"]
[White "Urbanc, Ana"]
[Black "Kolaric, Spela"]
[Result "0-1"]
[WhiteElo "1791"]
[BlackElo "2116"]
[PlyCount "108"]
[EventDate "2019.04.04"]
[EventType "team-tourn"]
[EventRounds "7"]
[EventCountry "SLO"]
[SourceTitle "CBM 190 Extra"]
[Source "ChessBase"]
[SourceDate "2019.07.15"]
[SourceVersion "1"]
[SourceVersionDate "2019.07.15"]
[SourceQuality "1"]
[WhiteTeam "Krko Triglav (W)"]
[BlackTeam "Kocevje (W)"]
[WhiteTeamCountry "SLO"]
[BlackTeamCountry "SLO"]

1. e4 e5 2. Nf3 Nc6 3. Bb5 a6 4. Bxc6 dxc6 5. 0-0 Bg4 6. h3 h5 7. d3 Qf6 8. Nbd2 g5 9. Nc4 Bxf3 10. Qxf3 Qxf3 11. gxf3 f6 12. Be3 Bd6 13. Rfd1 c5 14. Kf1 Ne7 15. Ke2 Ng6 16. Rg1 Kf7 17. Rad1 Rhg8 18. c3 Rad8 19. Na5 b6 20. Nb3 Rge8 21. Nd2 Be7 22. Nf1 Nh4 23. Nd2 Rg8 24. Nc4 Ke6 25. d4 cxd4 26. cxd4 exd4 27. Bxd4 Ng6 28. Be3 Rxd1 29. Rxd1 Rd8 30. Rg1 Bd6 31. Nxd6 Rxd6 32. Rc1 c5 33. b3 Ke5 34. Rh1 Rd7 35. Rg1 Nf4+ 36. Bxf4+ Kxf4 37. h4 g4 38. Rg3 Rd4 39. fxg4 Rxe4+ 40. Kd3 Rd4+ 41. Kc3 hxg4 42. Re3 Rd6 43. a4 f5 44. Kc4 Rd4+ 45. Kc3 b5 46. Re6 bxa4 47. Rxa6 axb3 48. Kxb3 Rd2 49. Kc4 Rxf2 50. Kxc5 Rh2 51. Rh6 g3 52. Kd4 g2 53. Rg6 Rxh4 54. Kd3 Rg4 0-1

[Event "SLO-chT (Women)"]
[Site "Maribor"]
[Date "2019.04.07"]
[Round "4.3"]
[White "Kolaric, Spela"]
[Black "Srebrnic, Ana"]
[Result "1/2-1/2"]
[WhiteElo "2116"]
[BlackElo "2173"]
[PlyCount "21"]
[EventDate "2019.04.04"]
[EventType "team-tourn"]
[EventRounds "7"]
[EventCountry "SLO"]
[SourceTitle "CBM 190 Extra"]
[Source "ChessBase"]
[SourceDate "2019.07.15"]
[SourceVersion "1"]
[SourceVersionDate "2019.07.15"]
[SourceQuality "1"]
[WhiteTeam "Kocevje (W)"]
[BlackTeam "Ljubljana (W)"]
[WhiteTeamCountry "SLO"]
[BlackTeamCountry "SLO"]

1. d4 Nf6 2. c4 g6 3. Nc3 Bg7 4. e4 d6 5. Nf3 0-0 6. Be2 e5 7. Be3 Ng4 8. Bc1 Nf6 9. Be3 Ng4 10. Bc1 Nf6 11. Be3 1/2-1/2

[Event "SLO-chT1 West"]
[Site "Slovenia"]
[Date "2018.10.14"]
[Round "6.2"]
[White "Kolaric, Spela"]
[Black "Plaskan, Jure"]
[Result "1-0"]
[WhiteElo "2108"]
[BlackElo "2224"]
[PlyCount "88"]
[EventDate "2018.09.28"]
[EventType "team-tourn"]
[EventRounds "9"]
[EventCountry "SLO"]
[SourceTitle "CBM 187 Extra"]
[Source "ChessBase"]
[SourceDate "2018.11.04"]
[SourceVersion "1"]
[SourceVersionDate "2018.11.04"]
[SourceQuality "1"]
[WhiteTeam "Kocevje"]
[BlackTeam "Domzale Tajfun"]
[WhiteTeamCountry "SLO"]
[BlackTeamCountry "SLO"]

1. d4 Nf6 2. Nf3 e6 3. Bf4 c5 4. c3 d5 5. e3 Bd6 6. Bg3 Ne4 7. Bd3 0-0 8. Nbd2 f5 9. Bxd6 Qxd6 10. Ne5 b6 11. Qe2 Bb7 12. Ndf3 a5 13. 0-0 a4 14. Rac1 Na6 15. Rfd1 c4 16. Bxe4 fxe4 17. Nd2 a3 18. bxa3 Nc7 19. Nb1 Ra5 20. f3 exf3 21. Nxf3 Bc6 22. Ne5 Nb5 23. Rf1 Rxf1+ 24. Rxf1 Be8 25. e4 Bg6 26. exd5 Bxb1 27. Nxc4 Qxd5 28. Nxa5 Nxc3 29. Qf2 h6 30. Nb3 Bxa2 31. Nd2 Qd6 32. Nf3 Bd5 33. Ne5 Qxa3 34. Ng6 e5 35. dxe5 Qb4 36. Qf8+ Qxf8 37. Rxf8+ Kh7 38. Nf4 Bc6 39. Rc8 Nd5 40. Rxc6 Nxf4 41. Rxb6 Kg8 42. Rb4 Nd3 43. Re4 Kf7 44. Re3 Nc5 1-0

[Event "SLO-chT1 West"]
[Site "Slovenia"]
[Date "2018.10.12"]
[Round "4.2"]
[White "Kolaric, Spela"]
[Black "Mencinger, Vojko"]
[Result "0-1"]
[WhiteElo "2108"]
[BlackElo "2344"]
[PlyCount "106"]
[EventDate "2018.09.28"]
[EventType "team-tourn"]
[EventRounds "9"]
[EventCountry "SLO"]
[SourceTitle "CBM 187 Extra"]
[Source "ChessBase"]
[SourceDate "2018.11.04"]
[SourceVersion "1"]
[SourceVersionDate "2018.11.04"]
[SourceQuality "1"]
[WhiteTeam "Kocevje"]
[BlackTeam "Gorenjka Lesce"]
[WhiteTeamCountry "SLO"]
[BlackTeamCountry "SLO"]

1. d4 f5 2. Nf3 Nf6 3. g3 g6 4. Bg2 Bg7 5. 0-0 0-0 6. b3 d6 7. Bb2 c6 8. c4 Qc7 9. Qc2 Re8 10. Nbd2 e5 11. e4 fxe4 12. Nxe4 Bf5 13. Nxf6+ Bxf6 14. Qe2 e4 15. Nd2 d5 16. Rac1 Qg7 17. cxd5 cxd5 18. Qb5 Rd8 19. b4 Nc6 20. Nb3 Rac8 21. Rc5 a6 22. Qb6 Rd7 23. Rcc1 Bd8 24. Qc5 Bg5 25. a3 Ne7 26. Qb6 Bxc1 27. Bxc1 Rc3 28. Na1 Nc8 29. Qa5 Qxd4 30. Bb2 Qd2 31. Bxc3 Qxc3 32. Qc5 Qxc5 33. bxc5 Na7 34. Nb3 Nb5 35. a4 Nc3 36. Ra1 d4 37. Kf1 e3 38. fxe3 dxe3 39. Ke1 Be6 40. Na5 Bg4 41. Nc4 e2 42. Nd2 a5 43. Rc1 Nd5 44. h3 Nb4 45. Rc3 Rd3 46. Rc4 Be6 47. Re4 Rxg3 48. Rxe2 Nd3+ 49. Kd1 Nxc5 50. Bxb7 Rg1+ 51. Kc2 Bf5+ 52. Be4 Nxe4 53. Nxe4 Rg2 0-1

[Event "SLO-chT1 West"]
[Site "Slovenia"]
[Date "2018.09.30"]
[Round "3.2"]
[White "Kolaric, Spela"]
[Black "Kersic, Matej"]
[Result "1/2-1/2"]
[WhiteElo "2108"]
[BlackElo "2165"]
[PlyCount "78"]
[EventDate "2018.09.28"]
[EventType "team-tourn"]
[EventRounds "9"]
[EventCountry "SLO"]
[SourceTitle "CBM 187 Extra"]
[Source "ChessBase"]
[SourceDate "2018.11.04"]
[SourceVersion "1"]
[SourceVersionDate "2018.11.04"]
[SourceQuality "1"]
[WhiteTeam "Kocevje"]
[BlackTeam "Kranj Stari Mayr"]
[WhiteTeamCountry "SLO"]
[BlackTeamCountry "SLO"]

1. d4 d5 2. c4 c6 3. Nf3 Nf6 4. e3 Bf5 5. Nc3 e6 6. Nh4 Bg6 7. Be2 Bd6 8. 0-0 Nbd7 9. g3 0-0 10. Nxg6 hxg6 11. Qc2 dxc4 12. Bxc4 Nb6 13. Be2 e5 14. dxe5 Bxe5 15. Rd1 Qe7 16. b3 Nbd5 17. Nxd5 Nxd5 18. Bb2 Rfe8 19. Bf3 Qf6 20. Bxd5 Bxb2 21. Rab1 Be5 22. Bg2 Red8 23. Rxd8+ Rxd8 24. Rd1 Rxd1+ 25. Qxd1 Qd6 26. Qxd6 Bxd6 27. Kf1 Kf8 28. Ke2 Ke7 29. Kd3 g5 30. h3 a5 31. g4 Bb4 32. Be4 Kd6 33. f4 gxf4 34. exf4 Be1 35. Ke2 Bg3 36. Kf3 Be1 37. Ke2 Bg3 38. Kf3 Be1 39. Ke2 Bg3 1/2-1/2

[Event "SLO-chT1 West"]
[Site "Slovenia"]
[Date "2018.09.28"]
[Round "1.2"]
[White "Kolaric, Spela"]
[Black "Rolih, Miran"]
[Result "1-0"]
[WhiteElo "2108"]
[BlackElo "1865"]
[PlyCount "101"]
[EventDate "2018.09.28"]
[EventType "team-tourn"]
[EventRounds "9"]
[EventCountry "SLO"]
[SourceTitle "CBM 187 Extra"]
[Source "ChessBase"]
[SourceDate "2018.11.04"]
[SourceVersion "1"]
[SourceVersionDate "2018.11.04"]
[SourceQuality "1"]
[WhiteTeam "Kocevje"]
[BlackTeam "Ilirska Bistrica Rimex"]
[WhiteTeamCountry "SLO"]
[BlackTeamCountry "SLO"]

1. d4 Nf6 2. Nf3 c5 3. c3 b6 4. Bf4 Bb7 5. Nbd2 Nh5 6. Bg5 h6 7. Bh4 g5 8. Bg3 Nxg3 9. hxg3 Bg7 10. e3 cxd4 11. cxd4 d6 12. Rc1 Nd7 13. Bd3 0-0 14. 0-0 Nf6 15. Qe2 Rc8 16. e4 Qd7 17. Rcd1 Rfd8 18. Nb3 Qa4 19. Nfd2 Qd7 20. Rfe1 Qg4 21. Qe3 Qd7 22. Nf3 Qa4 23. Bb1 Ng4 24. Qd2 Qd7 25. Qe2 a5 26. Nbd2 Bc6 27. Bd3 Nf6 28. Nc4 Qa7 29. Na3 Qd7 30. d5 Ba8 31. Bb5 Qg4 32. Nc4 Rc5 33. a4 Nxe4 34. Qxe4 Qxe4 35. Rxe4 Bxd5 36. Rxd5 Rxd5 37. Rxe7 Rd1+ 38. Re1 Rxe1+ 39. Nxe1 d5 40. Nxb6 Bxb2 41. Nd3 Bd4 42. Nd7 Rc8 43. N7e5 Bxe5 44. Nxe5 Rc1+ 45. Kh2 d4 46. g4 Kg7 47. Kg3 Rc3+ 48. Nd3 Kf6 49. Kf3 h5 50. gxh5 g4+ 51. Kxg4 1-0